<?xml version="1.0" encoding="UTF-8"?>
<record
    xmlns:xsi="http://www.w3.org/2001/XMLSchema-instance"
    xsi:schemaLocation="http://www.loc.gov/MARC21/slim http://www.loc.gov/standards/marcxml/schema/MARC21slim.xsd"
    xmlns="http://www.loc.gov/MARC21/slim">

  <leader>00775nas a2200241 454500</leader>
  <controlfield tag="001">4486</controlfield>
  <controlfield tag="005">20260407193504.0</controlfield>
  <controlfield tag="008">260407s2012####ag###########|||spa#d</controlfield>
  <controlfield tag="003">AR-UNSa-BCEJYS</controlfield>
  <datafield tag="040" ind1=" " ind2=" ">
    <subfield code="a">AR-UNSa-BCEJYS</subfield>
    <subfield code="b">spa</subfield>
    <subfield code="c">AR-UNSa-BCEJYS</subfield>
  </datafield>
  <datafield tag="080" ind1=" " ind2=" ">
    <subfield code="a">65</subfield>
    <subfield code="x">Gesti&#xF3;n y organizaci&#xF3;n de la industria, el comercio y las comunicaciones</subfield>
  </datafield>
  <datafield tag="245" ind1="1" ind2="0">
    <subfield code="a">WOBI</subfield>
    <subfield code="p">World of Business Ideas</subfield>
  </datafield>
  <datafield tag="264" ind1=" " ind2="1">
    <subfield code="a">Buenos Aires :</subfield>
    <subfield code="b">HSM Argentina</subfield>
    <subfield code="c">2012</subfield>
  </datafield>
  <datafield tag="310" ind1=" " ind2=" ">
    <subfield code="a">Bimestral
ISSN: 0328-9117</subfield>
  </datafield>
  <datafield tag="041" ind1=" " ind2=" ">
    <subfield code="a">spa</subfield>
  </datafield>
  <datafield tag="942" ind1=" " ind2=" ">
    <subfield code="c">SER</subfield>
  </datafield>
  <datafield tag="590" ind1=" " ind2=" ">
    <subfield code="a">niveau_biblio:s niveau_hierar:1</subfield>
  </datafield>
  <datafield tag="650" ind1=" " ind2=" ">
    <subfield code="a">Gesti&#xF3;n</subfield>
  </datafield>
  <datafield tag="650" ind1=" " ind2=" ">
    <subfield code="a">Marketing</subfield>
  </datafield>
  <datafield tag="650" ind1=" " ind2=" ">
    <subfield code="a">ADMINISTRACION DE EMPRESAS</subfield>
  </datafield>
  <datafield tag="650" ind1=" " ind2=" ">
    <subfield code="a">Mercado</subfield>
  </datafield>
  <datafield tag="856" ind1="4" ind2="1">
    <subfield code="u">https://biblioeco.unsa.edu.ar/pmb/images/revistas/WOBI.JPG</subfield>
    <subfield code="y">Imagen de portada</subfield>
    <subfield code="q">image/jpeg</subfield>
  </datafield>
  <datafield tag="999" ind1=" " ind2=" ">
    <subfield code="c">8408</subfield>
    <subfield code="d">8408</subfield>
  </datafield>
  <datafield tag="952" ind1=" " ind2=" ">
    <subfield code="0">0</subfield>
    <subfield code="1">0</subfield>
    <subfield code="4">0</subfield>
    <subfield code="7">0</subfield>
    <subfield code="a">BCEJYS</subfield>
    <subfield code="b">BCEJYS</subfield>
    <subfield code="c">17</subfield>
    <subfield code="d">2016-09-01</subfield>
    <subfield code="h">Vol. 21, N&#xBA; 4 - sep./oct. 2016</subfield>
    <subfield code="l">0</subfield>
    <subfield code="o">H65 WOB v21.n4</subfield>
    <subfield code="p">R20532</subfield>
    <subfield code="r">2026-04-10 16:06:48</subfield>
    <subfield code="w">2026-04-10</subfield>
    <subfield code="y">RN</subfield>
  </datafield>
  <datafield tag="952" ind1=" " ind2=" ">
    <subfield code="0">0</subfield>
    <subfield code="1">0</subfield>
    <subfield code="4">0</subfield>
    <subfield code="7">0</subfield>
    <subfield code="a">BCEJYS</subfield>
    <subfield code="b">BCEJYS</subfield>
    <subfield code="c">17</subfield>
    <subfield code="d">2016-06-01</subfield>
    <subfield code="h">Vol. 21, N&#xBA; 3 - jun./jul. 2016</subfield>
    <subfield code="l">0</subfield>
    <subfield code="o">H65 WOB v21.n3</subfield>
    <subfield code="p">R20412</subfield>
    <subfield code="r">2026-04-10 16:06:48</subfield>
    <subfield code="w">2026-04-10</subfield>
    <subfield code="y">RN</subfield>
  </datafield>
  <datafield tag="952" ind1=" " ind2=" ">
    <subfield code="0">0</subfield>
    <subfield code="1">0</subfield>
    <subfield code="4">0</subfield>
    <subfield code="7">0</subfield>
    <subfield code="a">BCEJYS</subfield>
    <subfield code="b">BCEJYS</subfield>
    <subfield code="c">17</subfield>
    <subfield code="d">2016-04-01</subfield>
    <subfield code="h">Vol. 21, N&#xBA;2 - abr./mayo 2016</subfield>
    <subfield code="l">0</subfield>
    <subfield code="o">H65 WOB v21.n2</subfield>
    <subfield code="p">R19857</subfield>
    <subfield code="r">2026-04-10 16:06:48</subfield>
    <subfield code="w">2026-04-10</subfield>
    <subfield code="y">RN</subfield>
  </datafield>
  <datafield tag="952" ind1=" " ind2=" ">
    <subfield code="0">0</subfield>
    <subfield code="1">0</subfield>
    <subfield code="4">0</subfield>
    <subfield code="7">0</subfield>
    <subfield code="a">BCEJYS</subfield>
    <subfield code="b">BCEJYS</subfield>
    <subfield code="c">17</subfield>
    <subfield code="d">2016-02-01</subfield>
    <subfield code="h">Vol. 21, N&#xBA;1 - feb./mar. 2016</subfield>
    <subfield code="l">0</subfield>
    <subfield code="o">H65 WOB v21.n1</subfield>
    <subfield code="p">R18758</subfield>
    <subfield code="r">2026-04-10 16:06:48</subfield>
    <subfield code="w">2026-04-10</subfield>
    <subfield code="y">RN</subfield>
  </datafield>
  <datafield tag="952" ind1=" " ind2=" ">
    <subfield code="0">0</subfield>
    <subfield code="1">0</subfield>
    <subfield code="4">0</subfield>
    <subfield code="7">0</subfield>
    <subfield code="a">BCEJYS</subfield>
    <subfield code="b">BCEJYS</subfield>
    <subfield code="c">17</subfield>
    <subfield code="d">2016-02-01</subfield>
    <subfield code="h">Vol. 21, N&#xBA;1 - feb./mar. 2016</subfield>
    <subfield code="l">0</subfield>
    <subfield code="o">H65 WOB v21.n1 Ej.2</subfield>
    <subfield code="p">R20493</subfield>
    <subfield code="r">2026-04-10 16:06:48</subfield>
    <subfield code="w">2026-04-10</subfield>
    <subfield code="y">RN</subfield>
  </datafield>
  <datafield tag="952" ind1=" " ind2=" ">
    <subfield code="0">0</subfield>
    <subfield code="1">0</subfield>
    <subfield code="4">0</subfield>
    <subfield code="7">0</subfield>
    <subfield code="a">BCEJYS</subfield>
    <subfield code="b">BCEJYS</subfield>
    <subfield code="c">17</subfield>
    <subfield code="d">2015-12-01</subfield>
    <subfield code="h">Vol. 20, N&#xBA; 6 - dic. 2015/ene. 2016</subfield>
    <subfield code="l">0</subfield>
    <subfield code="o">H65 WOB v20.n6</subfield>
    <subfield code="p">R18098</subfield>
    <subfield code="r">2026-04-10 16:06:48</subfield>
    <subfield code="w">2026-04-10</subfield>
    <subfield code="y">RN</subfield>
  </datafield>
  <datafield tag="952" ind1=" " ind2=" ">
    <subfield code="0">0</subfield>
    <subfield code="1">0</subfield>
    <subfield code="4">0</subfield>
    <subfield code="7">0</subfield>
    <subfield code="a">BCEJYS</subfield>
    <subfield code="b">BCEJYS</subfield>
    <subfield code="c">17</subfield>
    <subfield code="d">2015-10-01</subfield>
    <subfield code="h">Vol. 20, N&#xBA; 5 - oct./nov. 2015</subfield>
    <subfield code="l">0</subfield>
    <subfield code="o">H65 WOB v20.n5</subfield>
    <subfield code="p">R17743</subfield>
    <subfield code="r">2026-04-10 16:06:48</subfield>
    <subfield code="w">2026-04-10</subfield>
    <subfield code="y">RN</subfield>
  </datafield>
  <datafield tag="952" ind1=" " ind2=" ">
    <subfield code="0">0</subfield>
    <subfield code="1">0</subfield>
    <subfield code="4">0</subfield>
    <subfield code="7">0</subfield>
    <subfield code="a">BCEJYS</subfield>
    <subfield code="b">BCEJYS</subfield>
    <subfield code="c">17</subfield>
    <subfield code="d">2015-10-01</subfield>
    <subfield code="h">Vol. 20, N&#xBA; 5 - oct./nov. 2015</subfield>
    <subfield code="l">0</subfield>
    <subfield code="o">H65 WOB v20.n5 Ej.2</subfield>
    <subfield code="p">R17804</subfield>
    <subfield code="r">2026-04-10 16:06:48</subfield>
    <subfield code="w">2026-04-10</subfield>
    <subfield code="y">RN</subfield>
  </datafield>
  <datafield tag="952" ind1=" " ind2=" ">
    <subfield code="0">0</subfield>
    <subfield code="1">0</subfield>
    <subfield code="4">0</subfield>
    <subfield code="7">0</subfield>
    <subfield code="a">BCEJYS</subfield>
    <subfield code="b">BCEJYS</subfield>
    <subfield code="c">17</subfield>
    <subfield code="d">2015-08-01</subfield>
    <subfield code="h">Vol. 20, N&#xBA; 4 - ago./sep. 2015</subfield>
    <subfield code="l">0</subfield>
    <subfield code="o">H65 WOB v20.n4</subfield>
    <subfield code="p">R15831</subfield>
    <subfield code="r">2026-04-10 16:06:48</subfield>
    <subfield code="w">2026-04-10</subfield>
    <subfield code="y">RN</subfield>
  </datafield>
  <datafield tag="952" ind1=" " ind2=" ">
    <subfield code="0">0</subfield>
    <subfield code="1">0</subfield>
    <subfield code="4">0</subfield>
    <subfield code="7">0</subfield>
    <subfield code="a">BCEJYS</subfield>
    <subfield code="b">BCEJYS</subfield>
    <subfield code="c">17</subfield>
    <subfield code="d">2015-06-01</subfield>
    <subfield code="h">Vol. 20, N&#xBA;3 - jun./jul. 2015</subfield>
    <subfield code="l">0</subfield>
    <subfield code="o">H65 WOB v20.n3</subfield>
    <subfield code="p">R14690</subfield>
    <subfield code="r">2026-04-10 16:06:48</subfield>
    <subfield code="w">2026-04-10</subfield>
    <subfield code="y">RN</subfield>
  </datafield>
  <datafield tag="952" ind1=" " ind2=" ">
    <subfield code="0">0</subfield>
    <subfield code="1">0</subfield>
    <subfield code="4">0</subfield>
    <subfield code="7">0</subfield>
    <subfield code="a">BCEJYS</subfield>
    <subfield code="b">BCEJYS</subfield>
    <subfield code="c">17</subfield>
    <subfield code="d">2015-04-01</subfield>
    <subfield code="h">Vol. 20, N&#xBA;2 - abr./mayo 2015</subfield>
    <subfield code="l">0</subfield>
    <subfield code="o">H65 WOB v20.n2</subfield>
    <subfield code="p">R14469</subfield>
    <subfield code="r">2026-04-10 16:06:48</subfield>
    <subfield code="w">2026-04-10</subfield>
    <subfield code="y">RN</subfield>
  </datafield>
  <datafield tag="952" ind1=" " ind2=" ">
    <subfield code="0">0</subfield>
    <subfield code="1">0</subfield>
    <subfield code="4">0</subfield>
    <subfield code="7">0</subfield>
    <subfield code="a">BCEJYS</subfield>
    <subfield code="b">BCEJYS</subfield>
    <subfield code="c">17</subfield>
    <subfield code="d">2015-04-01</subfield>
    <subfield code="h">Vol. 20, N&#xBA;2 - abr./mayo 2015</subfield>
    <subfield code="l">0</subfield>
    <subfield code="o">H65 WOB v20.n2 Ej.2</subfield>
    <subfield code="p">R01559</subfield>
    <subfield code="r">2026-04-10 16:06:48</subfield>
    <subfield code="w">2026-04-10</subfield>
    <subfield code="y">RN</subfield>
  </datafield>
  <datafield tag="952" ind1=" " ind2=" ">
    <subfield code="0">0</subfield>
    <subfield code="1">0</subfield>
    <subfield code="4">0</subfield>
    <subfield code="7">0</subfield>
    <subfield code="a">BCEJYS</subfield>
    <subfield code="b">BCEJYS</subfield>
    <subfield code="c">17</subfield>
    <subfield code="d">2015-02-01</subfield>
    <subfield code="h">Vol. 20, N&#xBA;1 - feb./mar. 2015</subfield>
    <subfield code="l">0</subfield>
    <subfield code="o">H65 WOB v20.n1</subfield>
    <subfield code="p">R13777</subfield>
    <subfield code="r">2026-04-10 16:06:48</subfield>
    <subfield code="w">2026-04-10</subfield>
    <subfield code="y">RN</subfield>
  </datafield>
  <datafield tag="952" ind1=" " ind2=" ">
    <subfield code="0">0</subfield>
    <subfield code="1">0</subfield>
    <subfield code="4">0</subfield>
    <subfield code="7">0</subfield>
    <subfield code="a">BCEJYS</subfield>
    <subfield code="b">BCEJYS</subfield>
    <subfield code="c">17</subfield>
    <subfield code="d">2014-12-01</subfield>
    <subfield code="h">Vol. 19, N&#xBA; 6 - dic. 2014/ene. 2015</subfield>
    <subfield code="l">0</subfield>
    <subfield code="o">H65 WOB v19.n6</subfield>
    <subfield code="p">R13502</subfield>
    <subfield code="r">2026-04-10 16:06:48</subfield>
    <subfield code="w">2026-04-10</subfield>
    <subfield code="y">RN</subfield>
  </datafield>
  <datafield tag="952" ind1=" " ind2=" ">
    <subfield code="0">0</subfield>
    <subfield code="1">0</subfield>
    <subfield code="4">0</subfield>
    <subfield code="7">0</subfield>
    <subfield code="a">BCEJYS</subfield>
    <subfield code="b">BCEJYS</subfield>
    <subfield code="c">17</subfield>
    <subfield code="d">2014-10-01</subfield>
    <subfield code="h">Vol. 19, N&#xBA; 5 - oct./nov. 2014</subfield>
    <subfield code="l">0</subfield>
    <subfield code="o">H65 WOB v19.n5</subfield>
    <subfield code="p">R13501</subfield>
    <subfield code="r">2026-04-10 16:06:48</subfield>
    <subfield code="w">2026-04-10</subfield>
    <subfield code="y">RN</subfield>
  </datafield>
  <datafield tag="952" ind1=" " ind2=" ">
    <subfield code="0">0</subfield>
    <subfield code="1">0</subfield>
    <subfield code="4">0</subfield>
    <subfield code="7">0</subfield>
    <subfield code="a">BCEJYS</subfield>
    <subfield code="b">BCEJYS</subfield>
    <subfield code="c">17</subfield>
    <subfield code="d">2014-08-01</subfield>
    <subfield code="h">Vol. 19, N&#xBA; 4 - ago./sep. 2014</subfield>
    <subfield code="l">0</subfield>
    <subfield code="o">H65 WOB v19.n4</subfield>
    <subfield code="p">R12136</subfield>
    <subfield code="r">2026-04-10 16:06:48</subfield>
    <subfield code="w">2026-04-10</subfield>
    <subfield code="y">RN</subfield>
  </datafield>
  <datafield tag="952" ind1=" " ind2=" ">
    <subfield code="0">0</subfield>
    <subfield code="1">0</subfield>
    <subfield code="4">0</subfield>
    <subfield code="7">0</subfield>
    <subfield code="a">BCEJYS</subfield>
    <subfield code="b">BCEJYS</subfield>
    <subfield code="c">17</subfield>
    <subfield code="d">2014-06-01</subfield>
    <subfield code="h">Vol. 19, N&#xBA; 3 - jun./jul. 2014</subfield>
    <subfield code="l">0</subfield>
    <subfield code="o">H65 WOB v19.n3</subfield>
    <subfield code="p">R11420</subfield>
    <subfield code="r">2026-04-10 16:06:48</subfield>
    <subfield code="w">2026-04-10</subfield>
    <subfield code="y">RN</subfield>
  </datafield>
  <datafield tag="952" ind1=" " ind2=" ">
    <subfield code="0">0</subfield>
    <subfield code="1">0</subfield>
    <subfield code="4">0</subfield>
    <subfield code="7">0</subfield>
    <subfield code="a">BCEJYS</subfield>
    <subfield code="b">BCEJYS</subfield>
    <subfield code="c">17</subfield>
    <subfield code="d">2014-04-01</subfield>
    <subfield code="h">Vol. 19, N&#xBA; 2 - abr./mayo 2014</subfield>
    <subfield code="l">0</subfield>
    <subfield code="o">H65 WOB v19.n2</subfield>
    <subfield code="p">R11386</subfield>
    <subfield code="r">2026-04-10 16:06:48</subfield>
    <subfield code="w">2026-04-10</subfield>
    <subfield code="y">RN</subfield>
  </datafield>
  <datafield tag="952" ind1=" " ind2=" ">
    <subfield code="0">0</subfield>
    <subfield code="1">0</subfield>
    <subfield code="4">0</subfield>
    <subfield code="7">0</subfield>
    <subfield code="a">BCEJYS</subfield>
    <subfield code="b">BCEJYS</subfield>
    <subfield code="c">17</subfield>
    <subfield code="d">2014-02-01</subfield>
    <subfield code="h">Vol.19, N&#xBA; 1 - feb./mar. 2014</subfield>
    <subfield code="l">0</subfield>
    <subfield code="o">H65 WOB v19.n1</subfield>
    <subfield code="p">R10247</subfield>
    <subfield code="r">2026-04-10 16:06:48</subfield>
    <subfield code="w">2026-04-10</subfield>
    <subfield code="y">RN</subfield>
  </datafield>
  <datafield tag="952" ind1=" " ind2=" ">
    <subfield code="0">0</subfield>
    <subfield code="1">0</subfield>
    <subfield code="4">0</subfield>
    <subfield code="7">0</subfield>
    <subfield code="a">BCEJYS</subfield>
    <subfield code="b">BCEJYS</subfield>
    <subfield code="c">17</subfield>
    <subfield code="d">2013-12-01</subfield>
    <subfield code="h">Vol. 18, N&#xBA; 6 - dic.2013/ ene. 2014</subfield>
    <subfield code="l">0</subfield>
    <subfield code="o">H65 WOB v18.n6</subfield>
    <subfield code="p">R10213</subfield>
    <subfield code="r">2026-04-10 16:06:48</subfield>
    <subfield code="w">2026-04-10</subfield>
    <subfield code="y">RN</subfield>
  </datafield>
  <datafield tag="952" ind1=" " ind2=" ">
    <subfield code="0">0</subfield>
    <subfield code="1">0</subfield>
    <subfield code="4">0</subfield>
    <subfield code="7">0</subfield>
    <subfield code="a">BCEJYS</subfield>
    <subfield code="b">BCEJYS</subfield>
    <subfield code="c">17</subfield>
    <subfield code="d">2013-10-01</subfield>
    <subfield code="h">Vol. 18, N&#xBA; 5 - oct./nov. 2013</subfield>
    <subfield code="l">0</subfield>
    <subfield code="o">H65 WOB v18.n5</subfield>
    <subfield code="p">R09171</subfield>
    <subfield code="r">2026-04-10 16:06:48</subfield>
    <subfield code="w">2026-04-10</subfield>
    <subfield code="y">RN</subfield>
  </datafield>
  <datafield tag="952" ind1=" " ind2=" ">
    <subfield code="0">0</subfield>
    <subfield code="1">0</subfield>
    <subfield code="4">0</subfield>
    <subfield code="7">0</subfield>
    <subfield code="a">BCEJYS</subfield>
    <subfield code="b">BCEJYS</subfield>
    <subfield code="c">17</subfield>
    <subfield code="d">2013-10-01</subfield>
    <subfield code="h">Vol. 18, N&#xBA; 5 - oct./nov. 2013</subfield>
    <subfield code="l">0</subfield>
    <subfield code="o">H65 WOB v18.n5 Ej.2</subfield>
    <subfield code="p">R10577</subfield>
    <subfield code="r">2026-04-10 16:06:48</subfield>
    <subfield code="w">2026-04-10</subfield>
    <subfield code="y">RN</subfield>
  </datafield>
  <datafield tag="952" ind1=" " ind2=" ">
    <subfield code="0">0</subfield>
    <subfield code="1">0</subfield>
    <subfield code="4">0</subfield>
    <subfield code="7">0</subfield>
    <subfield code="a">BCEJYS</subfield>
    <subfield code="b">BCEJYS</subfield>
    <subfield code="c">17</subfield>
    <subfield code="d">2013-08-01</subfield>
    <subfield code="h">Vol. 18, N&#xBA; 4 - ago./sep. 2013</subfield>
    <subfield code="l">0</subfield>
    <subfield code="o">H65 WOB v18.n4</subfield>
    <subfield code="p">R08399</subfield>
    <subfield code="r">2026-04-10 16:06:48</subfield>
    <subfield code="w">2026-04-10</subfield>
    <subfield code="y">RN</subfield>
  </datafield>
  <datafield tag="952" ind1=" " ind2=" ">
    <subfield code="0">0</subfield>
    <subfield code="1">0</subfield>
    <subfield code="4">0</subfield>
    <subfield code="7">0</subfield>
    <subfield code="a">BCEJYS</subfield>
    <subfield code="b">BCEJYS</subfield>
    <subfield code="c">17</subfield>
    <subfield code="d">2013-06-01</subfield>
    <subfield code="h">Vol. 18, N&#xBA; 3 - jun./jul. 2013</subfield>
    <subfield code="l">0</subfield>
    <subfield code="o">H65 WOB v18.n3</subfield>
    <subfield code="p">R07867</subfield>
    <subfield code="r">2026-04-10 16:06:48</subfield>
    <subfield code="w">2026-04-10</subfield>
    <subfield code="y">RN</subfield>
  </datafield>
  <datafield tag="952" ind1=" " ind2=" ">
    <subfield code="0">0</subfield>
    <subfield code="1">0</subfield>
    <subfield code="4">0</subfield>
    <subfield code="7">0</subfield>
    <subfield code="a">BCEJYS</subfield>
    <subfield code="b">BCEJYS</subfield>
    <subfield code="c">17</subfield>
    <subfield code="d">2013-04-01</subfield>
    <subfield code="h">Vol. 18, N&#xBA; 2 - abr./mayo 2013</subfield>
    <subfield code="l">0</subfield>
    <subfield code="o">H65 WOB v18.n2</subfield>
    <subfield code="p">R08015</subfield>
    <subfield code="r">2026-04-10 16:06:48</subfield>
    <subfield code="w">2026-04-10</subfield>
    <subfield code="y">RN</subfield>
  </datafield>
  <datafield tag="952" ind1=" " ind2=" ">
    <subfield code="0">0</subfield>
    <subfield code="1">0</subfield>
    <subfield code="4">0</subfield>
    <subfield code="7">0</subfield>
    <subfield code="a">BCEJYS</subfield>
    <subfield code="b">BCEJYS</subfield>
    <subfield code="c">17</subfield>
    <subfield code="d">2013-02-01</subfield>
    <subfield code="h">Vol. 18, N&#xBA; 1 - feb./mar.2013</subfield>
    <subfield code="l">0</subfield>
    <subfield code="o">H65 WOB v18.n1</subfield>
    <subfield code="p">R05982</subfield>
    <subfield code="r">2026-04-10 16:06:48</subfield>
    <subfield code="w">2026-04-10</subfield>
    <subfield code="y">RN</subfield>
  </datafield>
  <datafield tag="952" ind1=" " ind2=" ">
    <subfield code="0">0</subfield>
    <subfield code="1">0</subfield>
    <subfield code="4">0</subfield>
    <subfield code="7">0</subfield>
    <subfield code="a">BCEJYS</subfield>
    <subfield code="b">BCEJYS</subfield>
    <subfield code="c">17</subfield>
    <subfield code="d">2012-12-01</subfield>
    <subfield code="h">Vol. 17, N&#xBA; 6 - dic.2012/ene.2013</subfield>
    <subfield code="l">0</subfield>
    <subfield code="o">H65 WOB v17.n6</subfield>
    <subfield code="p">R05954</subfield>
    <subfield code="r">2026-04-10 16:06:48</subfield>
    <subfield code="w">2026-04-10</subfield>
    <subfield code="y">RN</subfield>
  </datafield>
  <datafield tag="952" ind1=" " ind2=" ">
    <subfield code="0">0</subfield>
    <subfield code="1">0</subfield>
    <subfield code="4">0</subfield>
    <subfield code="7">0</subfield>
    <subfield code="a">BCEJYS</subfield>
    <subfield code="b">BCEJYS</subfield>
    <subfield code="c">17</subfield>
    <subfield code="d">2012-10-01</subfield>
    <subfield code="h">Vol. 17, N&#xBA; 5 - oct./nov. 2012</subfield>
    <subfield code="l">0</subfield>
    <subfield code="o">H65 WOB v17.n5</subfield>
    <subfield code="p">R05309</subfield>
    <subfield code="r">2026-04-10 16:06:48</subfield>
    <subfield code="w">2026-04-10</subfield>
    <subfield code="y">RN</subfield>
  </datafield>
  <datafield tag="952" ind1=" " ind2=" ">
    <subfield code="0">0</subfield>
    <subfield code="1">0</subfield>
    <subfield code="4">0</subfield>
    <subfield code="7">0</subfield>
    <subfield code="a">BCEJYS</subfield>
    <subfield code="b">BCEJYS</subfield>
    <subfield code="c">17</subfield>
    <subfield code="d">2012-08-01</subfield>
    <subfield code="h">Vol. 17, N&#xBA; 4 - ago. /sep. 2012</subfield>
    <subfield code="l">0</subfield>
    <subfield code="o">H65 WOB v17.n4</subfield>
    <subfield code="p">R05725</subfield>
    <subfield code="r">2026-04-10 16:06:48</subfield>
    <subfield code="w">2026-04-10</subfield>
    <subfield code="y">RN</subfield>
  </datafield>
  <datafield tag="952" ind1=" " ind2=" ">
    <subfield code="0">0</subfield>
    <subfield code="1">0</subfield>
    <subfield code="4">0</subfield>
    <subfield code="7">0</subfield>
    <subfield code="a">BCEJYS</subfield>
    <subfield code="b">BCEJYS</subfield>
    <subfield code="c">17</subfield>
    <subfield code="d">2012-06-01</subfield>
    <subfield code="h">Vol. 17, N&#xBA; 3 - jun./jul. 2012</subfield>
    <subfield code="l">0</subfield>
    <subfield code="o">H65 WOB v17.n3</subfield>
    <subfield code="p">R04022</subfield>
    <subfield code="r">2026-04-10 16:06:48</subfield>
    <subfield code="w">2026-04-10</subfield>
    <subfield code="y">RN</subfield>
  </datafield>
  <datafield tag="952" ind1=" " ind2=" ">
    <subfield code="0">0</subfield>
    <subfield code="1">0</subfield>
    <subfield code="4">0</subfield>
    <subfield code="7">0</subfield>
    <subfield code="a">BCEJYS</subfield>
    <subfield code="b">BCEJYS</subfield>
    <subfield code="c">17</subfield>
    <subfield code="d">2012-04-01</subfield>
    <subfield code="h">Vol. 17, N&#xBA; 2 - abr./may. 2012</subfield>
    <subfield code="l">0</subfield>
    <subfield code="o">H65 WOB v17.n2</subfield>
    <subfield code="p">R03975</subfield>
    <subfield code="r">2026-04-10 16:06:48</subfield>
    <subfield code="w">2026-04-10</subfield>
    <subfield code="y">RN</subfield>
  </datafield>
</record>
